Basílica Iglesia Corazón de María
Sparad:
| Huvudupphovsman: | |
|---|---|
| Institutionell upphovsman: | |
| Materialtyp: | Bok |
| Språk: | spanska |
| Publicerad: |
Antofagasta
Imprenta Ercilla S. R. L., Bolívar 659
1999
|
| Upplaga: | 1a. ed |
| Ämnen: | |
| Taggar: |
Lägg till en tagg
Inga taggar, Lägg till första taggen!
|
MARC
| LEADER | 00000nam a2200000 a 4500 | ||
|---|---|---|---|
| 001 | UCJ8012 | ||
| 003 | CL-VaPUC | ||
| 008 | 070124e19991208CL |||||||||||||||||spa|d | ||
| 082 | 0 | 4 | |a 726 |b ROD |2 21 |
| 100 | 0 | |a Rodríguez Cortés, Jorge |e author |9 516591 | |
| 110 | 2 | |a Parroquia Inmaculada Concepción Basílica Iglesia Corazón de María |e author |9 516592 | |
| 245 | 1 | 0 | |a Basílica Iglesia Corazón de María |
| 250 | |a 1a. ed | ||
| 300 | |a 30 p | ||
| 942 | |c BK | ||
| 945 | |d 20070124 00:00:00 |a rinostro | ||
| 260 | |a Antofagasta |b Imprenta Ercilla S. R. L., Bolívar 659 |c 1999 | ||
| 500 | |a Iconografía de diversos párrocos y numerosas vistas de este hermoso templo, sin indizar | ||
| 650 | 0 | |a Arquitectura religiosa |9 266677 | |
| 650 | 7 | |a BASILICAS CHILENAS |2 CL-VaPUC |9 516593 | |
| 650 | 0 | |a Iconografía |9 267998 | |
| 650 | 0 | |a Documentos pontificios |9 255642 | |
| 650 | 7 | |a CARDENALES CHILENOS |2 CL-VaPUC |9 516594 | |
| 650 | 0 | |a Órdenes religiosas |9 257499 | |
| 650 | 7 | |a MISIONEROS CLARETIANOS |2 CL-VaPUC |9 516595 | |
| 650 | 7 | |a OBISPOS CHILENOS |2 CL-VaPUC |9 516596 | |
| 650 | 7 | |a PARROCOS CLARETIANOS |2 CL-VaPUC |9 516597 | |
| 651 | 7 | |a ANTOFAGASTA |2 CL-VaPUC |9 319270 | |
| 583 | |a last modification |c 20180417 04:01:30 |k Rodrigo Vera | ||
| 999 | |c 323872 |d 323870 | ||
| 952 | |0 0 |1 0 |4 0 |6 726_000000000000000_ROD_1999 |7 0 |8 X |9 403693 |a FDOBUD |b FDOBUD |d 2019-11-22 |i 1071432 |o 726 ROD 1999 |p 1071432 |r 2019-11-22 |w 2019-11-22 |y BK_X |k BUD | ||
| 952 | |0 0 |1 0 |4 0 |6 726_000000000000000_ROD_1999 |7 0 |8 X |9 403694 |a FDOBUD |b FDOBUD |d 2019-11-22 |i 1071440 |o 726 ROD 1999 |p 1071440 |r 2019-11-22 |w 2019-11-22 |y BK_X |k BUD | ||